| LEADER | 01023Ccm#a2200313#a#4500 | ||
|---|---|---|---|
| 001 | 027546 | ||
| 005 | 20250214143511.0 | ||
| 008 | 150520s1939||||ag wzd#f## | |#|ita#d | ||
| 040 | |a AR-BeUNQ |b spa | ||
| 048 | |a zn |b vn | ||
| 082 | 0 | 4 | |a 784.18846 |2 21 |
| 100 | 1 | |a Cardoni, Fredo. | |
| 245 | 0 | 2 | |a Une femme, un accordéon un caboulot : |b valse chante = Vals del marinero |c paroles de Cyrleroy e Anne de Bercy ; musique de Fredo Cardoni e Jean Chavoit. |
| 246 | 1 | 1 | |a Vals del marinero |
| 260 | |a Buenos Aires : |b Fermata, |c 1939. | ||
| 300 | |a 1 partitura vocal (2 p.) ; |c 31 cm. | ||
| 500 | |a Letra en italiano. | ||
| 942 | |c PAR |n 0 | ||
| 650 | 7 | |a Música |2 spines | |
| 650 | 7 | |a Canciones |2 ttll | |
| 651 | 7 | |a Italia |2 spines | |
| 653 | |a Voz | ||
| 653 | |a Vals | ||
| 653 | |a Partituras | ||
| 700 | 1 | |a Chavoit, Jean. | |
| 700 | 1 | |a Cyrleroy, |e autora de la letra. |4 lyr | |
| 700 | 1 | |a Bercy, Anne de, |e autora de la letra |4 lyr | |
| 929 | |a DONACION |b Adolfo Lamedica |d 0 |e 20150401 |g 2784 Exp. 827-0387/98 |j 52983 | ||
| 999 | |c 401 |d 75788 | ||